000 00636nam a22002057a 4500
005 20230720010029.0
008 230213b |||||||| |||| 00| 0 eng d
020 _a978-981-06-9700-6
082 _a658.5 H473 2008
100 _aHeizer, Jay
_eauthor
245 _aOperations management /
_cJay Heizer, Barry Render
250 _a9th ed.
260 _aSingapore:
_bPearson Education South Asia,
_cc2008.
300 _axxxiii, [853]p.;
_bill.
504 _aIncludes bibliographies and index
541 _e3330 c.1, 3331 c.2
650 _aProduction management
650 _aOperations research
700 _aRender, Barry
_eauthor
999 _c1053
_d1053